| 000 | 00734cam a22002414a 4500 | ||
|---|---|---|---|
| 008 | |||
| 020 | _a0201787040(pbk) | ||
| 049 | _aMAIN | ||
| 090 | _aQA76.64BUD | ||
| 100 | 1 | _aBudd, Timothy. | |
| 245 | 1 | 0 |
_aUnderstanding object-oriented programming with Java / _cby Timothy Budd. |
| 250 | _a2nd Updated ed. | ||
| 260 |
_aEssex : _bAddison-Wesley, _c2002. |
||
| 300 |
_axix, 428 p. : _bill. ; _c24 cm. |
||
| 504 | _aIncludes bibliographical references. | ||
| 500 | _aIncludes index. | ||
| 650 | 0 | _aObject-oriented programming (Computer science) | |
| 907 |
_a.b10212760 _b28-11-07 _c31-08-06 |
||
| 003 | |||
| 005 | 20241007155152.0 | ||
| 040 | _cNUST | ||
| 942 |
_cBOOKS _kQA76.64BUD _02 |
||
| 999 |
_c162627 _d162627 |
||